| 000 | 00654cam a2200181 4500 | ||
|---|---|---|---|
| 001 | L136154 | ||
| 008 | 070115n 000 0 eng u | ||
| 035 | _a(Sirsi) u136154 | ||
| 041 | 0 | _aeng | |
| 110 | 2 |
_aDonaldsons _93333 |
|
| 245 | 0 | 0 | _aWorking Papers |
| 520 | _aGateway to recent research and publications on market trends in the commercial property sector. Particular focus on valuation issues. Includes research on international markets. | ||
| 590 | _aKA | ||
| 651 | 4 | _aInternational | |
| 690 | _aPROPERTY-COMMERCIAL PROPERTY | ||
| 856 | 4 | 0 |
_uhttps://www.donaldsons.co.uk/ _zView the website free of charge at www.donaldsons.co.uk... |
| 942 | _n0 | ||
| 999 |
_c120556 _d120556 |
||